000
00313nam a2200133Ia 4500
008
230312s9999||||xx |||||||||||||| ||und||
082
_a
336.24
_b
BUS
245
0
_a
Business Taxation
260
_b
Munir Ahmad
_a
Pakistan
300
_a
177
546
_a
Eng.
650
_a
Economics
_v
Agricultural Income
942
_c
BK
999
_c
6238
_d
6238